Statistics for Country Flags With Animals

Click here to take the quiz!

General Stats

  • This quiz has been taken 164 times
    (84 since last reset)
  • The average score is 12 of 22

Answer Stats

Animal Country % Correct
Golden Eagle, SnakeMexico
90%
Double-Headed EagleAlbania
88%
DragonBhutan
78%
Yellow LionSri Lanka
68%
Sisserou ParrotDominica
64%
CondorEcuador
61%
Fish EagleZambia
58%
Two-Headed EagleMontenegro
55%
Double-Headed EagleSerbia
54%
Eagle, AurochsMoldova
54%
Steppe EagleKazakhstan
52%
HumansBelize
51%
Reggiana Bird-of-ParadisePapua New Guinea
49%
LionSpain
49%
Condor, AlpacaBolivia
48%
Grey Crowned CraneUganda
46%
BullsAndorra
42%
Golden EagleEgypt
39%
Goat, Heraldic Leopards, Pine MartenCroatia
38%
FrigatebirdKiribati
36%
Dove, Golden LionFiji
32%
HorseMalta
14%

Score Distribution

Percentile by Number Answered

Percent of People with Each Score

Your Score History

You have not taken this quiz since the last reset